|
|
|
|
| LEADER |
00000cam a22000004a 4500 |
| 001 |
musev2_87006 |
| 003 |
MdBmJHUP |
| 005 |
20230905052917.0 |
| 006 |
m o d |
| 007 |
cr||||||||nn|n |
| 008 |
140422s2014 mnu o 00 0 eng d |
| 010 |
|
|
|z 2014008294
|
| 020 |
|
|
|a 9780814637869
|
| 020 |
|
|
|z 0814637868
|
| 020 |
|
|
|z 9780814637616
|
| 020 |
|
|
|z 0814637612
|
| 040 |
|
|
|a MdBmJHUP
|c MdBmJHUP
|
| 100 |
1 |
|
|a Dumais, Marcel,
|d 1936-
|
| 245 |
1 |
0 |
|a After Emmaus :
|b Biblical Models for the New Evangelization /
|c Marcel Dumais.
|
| 264 |
|
1 |
|a Collegeville, Minnesota :
|b Liturgical Press,
|c [2014]
|
| 264 |
|
3 |
|a Baltimore, Md. :
|b Project MUSE,
|c 0000
|
| 264 |
|
4 |
|c ©[2014]
|
| 300 |
|
|
|a 1 online resource (144 pages).
|
| 336 |
|
|
|a text
|b txt
|2 rdacontent
|
| 337 |
|
|
|a computer
|b c
|2 rdamedia
|
| 338 |
|
|
|a online resource
|b cr
|2 rdacarrier
|
| 505 |
0 |
|
|a Why a new evangelization? -- Direct proclamation of the gospel (the kerygmatic model) -- The Athens model -- The evangelical model of humanism ; part one: Jesus, a man of compassion -- The evangelical model of humanism ; part two: the way to happiness -- The model of Emmaus.
|
| 588 |
|
|
|a Description based on print version record.
|
| 650 |
|
7 |
|a Evangelistic work
|x Catholic Church.
|2 fast
|0 (OCoLC)fst01766677
|
| 650 |
|
0 |
|a Evangelistic work
|x Catholic Church.
|
| 655 |
|
7 |
|a Electronic books.
|2 local
|
| 710 |
2 |
|
|a Project Muse.
|e distributor
|
| 830 |
|
0 |
|a Book collections on Project MUSE.
|
| 856 |
4 |
0 |
|z Texto completo
|u https://projectmuse.uam.elogim.com/book/87006/
|
| 945 |
|
|
|a Project MUSE - Custom Collection
|